Nghiên cứu chế tạo máy sấy phun - Tập bản vẽ máy sấy phun Báo cáo đề tài Khoa học và Công nghệ cấp trường
Tập bản vẽ chi tiết các bộ phận của máy sấy phun
محفوظ في:
| المؤلف الرئيسي: | |
|---|---|
| التنسيق: | كتاب |
| اللغة: | Undetermined |
| منشور في: |
Cần Thơ
Trường Đại học Cần Thơ
2014
|
| الموضوعات: | |
| الوسوم: |
إضافة وسم
لا توجد وسوم, كن أول من يضع وسما على هذه التسجيلة!
|
| Thư viện lưu trữ: | Trung tâm Học liệu Trường Đại học Cần Thơ |
|---|
| LEADER | 00938nam a2200217Ia 4500 | ||
|---|---|---|---|
| 001 | CTU_202163 | ||
| 008 | 210402s9999 xx 000 0 und d | ||
| 082 | |a 631.3 | ||
| 082 | |b C561 | ||
| 088 | |a T2013-87 | ||
| 100 | |a Nguyễn, Văn Cương | ||
| 245 | 0 | |a Nghiên cứu chế tạo máy sấy phun - Tập bản vẽ máy sấy phun | |
| 245 | 0 | |b Báo cáo đề tài Khoa học và Công nghệ cấp trường | |
| 245 | 0 | |c Nguyễn Văn Cương (Chủ nhiệm đề tài) ; Phạm Quốc Liệt (Cán bộ phối hợp nghiên cứu) | |
| 260 | |a Cần Thơ | ||
| 260 | |b Trường Đại học Cần Thơ | ||
| 260 | |c 2014 | ||
| 520 | |a Tập bản vẽ chi tiết các bộ phận của máy sấy phun | ||
| 650 | |a Agricultural machines,Máy nông nghiệp | ||
| 904 | |i Nguyên | ||
| 980 | |a Trung tâm Học liệu Trường Đại học Cần Thơ | ||